[Event "BPB Limburg open"]
[Site "Maastricht"]
[Date "2015.05.22"]
[Round "1"]
[White "L'Ami, Alina"]
[Black "Heltzel, Joost"]
[Result "1-0"]
[WhiteElo "2381"]
[BlackElo "2224"]
[PlyCount "71"]
[EventDate "2015.05.22"]
[EventType "swiss"]
[EventRounds "7"]
[EventCountry "NED"]
[Source "P.Boonen"]
[SourceDate "2015.10.01"]

1. d4 Nf6 2. c4 g6 3. Nc3 Bg7 4. e4 d6 5. h3 O-O 6. Bg5 c5 7. d5 b5 8. cxb5 a6
9. a4 Qa5 10. Bd2 e6 11. Bc4 axb5 12. Nxb5 Qd8 13. Nc3 exd5 14. exd5 Na6 15.
Nge2 Nb4 16. O-O Nd7 17. Ne4 Nb6 18. Bxb4 cxb4 19. Bb5 Bf5 20. N4g3 Bd7 21. Qb3
Qh4 22. f4 Rfe8 23. Bc6 Bxc6 24. dxc6 d5 25. Qxb4 Nc4 26. c7 Bxb2 27. Rab1 Qf6
28. Rfd1 Qc6 29. Rxb2 Nxb2 30. Qxb2 Qxc7 31. Rxd5 Rxa4 32. Nh5 gxh5 33. Rg5+
Kf8 34. Qh8+ Ke7 35. Re5+ Kd6 36. Rxe8 1-0

[Event "BPB Limburg open"]
[Site "Maastricht"]
[Date "2015.05.22"]
[Round "1"]
[White "L'Ami, Erwin"]
[Black "Vereggen, Lars"]
[Result "1-0"]
[WhiteElo "2635"]
[BlackElo "2299"]
[PlyCount "81"]
[EventDate "2015.05.22"]
[EventType "swiss"]
[EventRounds "7"]
[EventCountry "NED"]
[Source "P.Boonen"]
[SourceDate "2015.10.01"]

1. d4 Nf6 2. c4 e6 3. Nf3 d5 4. Nc3 Be7 5. Bg5 O-O 6. e3 Nbd7 7. Qc2 h6 8. Bh4
dxc4 9. Bxc4 a6 10. a4 b6 11. O-O Bb7 12. Rfd1 Bxf3 13. gxf3 Nd5 14. Bg3 Nb4
15. Qe2 Nf6 16. Rac1 Bd6 17. f4 c6 18. Qf3 Qd7 19. Bb3 Rac8 20. Kh1 Kh8 21. f5
Bxg3 22. fxe6 fxe6 23. Qxg3 Qe7 24. Rd2 c5 25. Rg1 c4 26. Bc2 Nxc2 27. Rxc2 Rf7
28. f3 Nd5 29. Qe5 Nxc3 30. bxc3 Rf5 31. Qe4 Rcf8 32. f4 Qd7 33. Rcg2 R8f7 34.
h3 Qd5 35. Qc2 Qc6 36. Kh2 Qf3 37. Rg3 Qc6 38. Rg6 b5 39. axb5 Rxb5 40. Qg2 Qd7
41. Qa8+ 1-0

[Event "BPB Limburg open"]
[Site "Maastricht"]
[Date "2015.05.22"]
[Round "1"]
[White "Lanchava, Tea"]
[Black "Janssen, Ruud"]
[Result "0-1"]
[WhiteElo "2250"]
[BlackElo "2464"]
[PlyCount "118"]
[EventDate "2015.05.22"]
[EventType "swiss"]
[EventRounds "7"]
[EventCountry "NED"]
[Source "P.Boonen"]
[SourceDate "2015.10.01"]

1. Nf3 Nf6 2. d4 e6 3. c4 b6 4. b3 Bb7 5. Bb2 d5 6. e3 Nbd7 7. Bd3 Bd6 8. O-O
O-O 9. Ne5 Qe7 10. Nd2 Rac8 11. Qc2 h6 12. Rae1 Rfd8 13. f4 Bb4 14. Re2 Bxd2
15. Qxd2 dxc4 16. Nxc4 Ne4 17. Qe1 f5 18. Nd2 Ndf6 19. Qh4 Nxd2 20. Rxd2 Bd5
21. h3 Rd7 22. g4 Ne4 23. Qxe7 Rxe7 24. Rc2 c6 25. b4 Bxa2 26. Ba6 Rcc7 27.
Rfc1 Bd5 28. Bb5 Nf6 29. g5 Ne8 30. Bxc6 Bxc6 31. Rxc6 Rxc6 32. Rxc6 hxg5 33.
fxg5 Nc7 34. g6 Kf8 35. Rd6 Ke8 36. h4 Nb5 37. Rc6 Kd7 38. Rc2 Nc7 39. h5 Nd5
40. Rh2 Re8 41. b5 Rh8 42. Rh1 Ke7 43. Kf2 Nf6 44. Ra1 Ng4+ 45. Kg3 Rxh5 46.
Rxa7+ Kf6 47. d5+ e5 48. d6 Rh2 49. Rf7+ Kxg6 50. d7 Rh8 51. Re7 Rd8 52. Re6+
Kf7 53. Rxb6 Rxd7 54. Rc6 Rd2 55. Bc1 Rd3 56. Kf3 Rb3 57. Rc5 g5 58. Ke2 Ke6
59. Bd2 f4 0-1

[Event "BPB Limburg open"]
[Site "Maastricht"]
[Date "2015.05.22"]
[Round "1"]
[White "Leenhouts, Koen"]
[Black "Hoffmeister, Frank"]
[Result "1-0"]
[WhiteElo "2401"]
[BlackElo "2231"]
[PlyCount "119"]
[EventDate "2015.05.22"]
[EventType "swiss"]
[EventRounds "7"]
[EventCountry "NED"]
[Source "P.Boonen"]
[SourceDate "2015.10.01"]

1. d4 Nf6 2. c4 g6 3. f3 c5 4. d5 d6 5. e4 e6 6. Nc3 exd5 7. cxd5 Bg7 8. Nge2
O-O 9. Ng3 Nbd7 10. Be2 a6 11. a4 Ne8 12. O-O Bd4+ 13. Kh1 Qh4 14. Bd3 b6 15.
Nce2 Bg7 16. f4 Ndf6 17. Ng1 Qg4 18. Qb3 Rb8 19. f5 Nh5 20. Nxh5 Qxh5 21. Bf4
Qh4 22. Rae1 Qd8 23. Nf3 b5 24. axb5 axb5 25. e5 c4 26. Bxc4 Bxf5 27. Bd3 Bxd3
28. Qxd3 dxe5 29. Nxe5 Rb6 30. Rd1 Nd6 31. Nc6 Qd7 32. Be5 Rb7 33. Bxg7 Kxg7
34. Rde1 Qg4 35. Qc3+ f6 36. Nd4 b4 37. Qc5 Rc8 38. Nc6 Nf5 39. b3 h5 40. Re6
h4 41. Qf2 Rd7 42. Re7+ Rxe7 43. Nxe7 Rc3 44. Qa7 Kh6 45. Nxf5+ gxf5 46. Qe7
Qd4 47. d6 Rd3 48. d7 Rd1 49. Re1 Qa1 50. Qe3+ Kg6 51. Rg1 Rxg1+ 52. Qxg1 Qa8
53. h3 Qd5 54. Qe1 Qxd7 55. Qxb4 Qd1+ 56. Kh2 Kg5 57. Qb8 f4 58. Qg8+ Kf5 59.
Qg4+ Qxg4 60. hxg4+ 1-0

[Event "BPB Limburg open"]
[Site "Maastricht"]
[Date "2015.05.22"]
[Round "1"]
[White "Lenaerts, Lennert"]
[Black "Beukema, Stefan"]
[Result "1/2-1/2"]
[WhiteElo "2203"]
[BlackElo "2347"]
[PlyCount "100"]
[EventDate "2015.05.22"]
[EventType "swiss"]
[EventRounds "7"]
[EventCountry "NED"]
[Source "P.Boonen"]
[SourceDate "2015.10.01"]

1. d4 f5 2. Bf4 Nf6 3. e3 g6 4. h4 h6 5. Nc3 d6 6. Qf3 e6 7. e4 Qe7 8. e5 Nh5
9. Bb5+ Nd7 10. Nge2 d5 11. g4 Ng7 12. Be3 a6 13. Bd3 c5 14. Nf4 Qf7 15. h5 g5
16. Nxe6 Qxe6 17. Nxd5 Qc6 18. gxf5 cxd4 19. Bxd4 Nc5 20. e6 Nxd3+ 21. cxd3
Bb4+ 22. Ke2 O-O 23. Bxg7 Kxg7 24. Rac1 Bc5 25. f6+ Kh8 26. e7 Qe6+ 27. Qe4
Qg4+ 28. Qxg4 Bxg4+ 29. f3 Bxe7 30. Nxe7 Rae8 31. fxg4 Rxf6 32. Rc7 Re6+ 33.
Kd2 R8xe7 34. Rxe7 Rxe7 35. Rf1 Kg7 36. Rf5 Rd7 37. Kc3 Rc7+ 38. Kb3 Rd7 39.
Kc4 b5+ 40. Kc3 Rc7+ 41. Kd2 Rd7 42. Re5 Rd4 43. Re7+ Kf6 44. Rh7 Rxg4 45.
Rxh6+ Kf7 46. Rxa6 Rh4 47. Ra5 Rxh5 48. Rxb5 Kf6 49. a4 Rh2+ 50. Kc3 g4 {.....}
1/2-1/2

[Event "BPB Limburg open"]
[Site "Maastricht"]
[Date "2015.05.22"]
[Round "1"]
[White "Lentjes, Noud"]
[Black "Majhi, Ankit"]
[Result "1-0"]
[WhiteElo "2091"]
[BlackElo "2178"]
[PlyCount "81"]
[EventDate "2015.05.22"]
[EventType "swiss"]
[EventRounds "7"]
[EventCountry "NED"]
[Source "P.Boonen"]
[SourceDate "2015.10.01"]

1. e4 c5 2. Nf3 d6 3. Bb5+ Nd7 4. O-O a6 5. Bd3 Ngf6 6. Re1 g6 7. c3 Ne5 8.
Nxe5 dxe5 9. Bc2 Bg4 10. f3 Be6 11. d3 Bg7 12. Be3 Rc8 13. Qe2 O-O 14. Nd2 Qc7
15. Bb3 Bd7 16. Rac1 Rfd8 17. Red1 Nh5 18. g3 b5 19. Nf1 e6 20. Rd2 Be8 21. Qf2
Rd6 22. Rcd1 Rc6 23. Bc2 f5 24. Qe2 Bf7 25. Bb1 f4 26. Bf2 Bf6 27. g4 Ng7 28.
h4 h6 29. Kh2 g5 30. h5 Ne8 31. Re1 Nd6 32. Rdd1 Bg7 33. Nd2 Rb8 34. b4 cxb4
35. cxb4 a5 36. Nb3 axb4 37. Rc1 Nc4 38. dxc4 bxc4 39. Nc5 c3 40. Na6 Qb7 41.
Nxb8 1-0

[Event "BPB Limburg open"]
[Site "Maastricht"]
[Date "2015.05.22"]
[Round "1"]
[White "Lombaers, Peter"]
[Black "Noiroux, Kevin"]
[Result "1-0"]
[WhiteElo "2371"]
[BlackElo "2218"]
[PlyCount "85"]
[EventDate "2015.05.22"]
[EventType "swiss"]
[EventRounds "7"]
[EventCountry "NED"]
[Source "P.Boonen"]
[SourceDate "2015.10.01"]

1. e4 e6 2. d4 d5 3. Nc3 Nf6 4. e5 Nfd7 5. f4 c5 6. Nf3 Nc6 7. Be3 Be7 8. Qd2
O-O 9. dxc5 Bxc5 10. O-O-O Qa5 11. a3 Rb8 12. Kb1 Nb6 13. Bxc5 Qxc5 14. Nb5 Bd7
15. Qc3 Qe7 16. Bd3 a6 17. Bxh7+ Kxh7 18. Ng5+ Kg8 19. Qh3 Qxg5 20. fxg5 axb5
21. Qg3 Nc4 22. Rhe1 Ra8 23. Rd3 b4 24. Qh4 Rfc8 25. Rh3 Kf8 26. Qh8+ Ke7 27.
Qxg7 Kd8 28. axb4 Kc7 29. c3 Rg8 30. Qf6 Nd2+ 31. Kc2 Ne4 32. Rxe4 dxe4 33. b5
Na7 34. c4 Rad8 35. Ra3 Nc8 36. h4 Be8 37. Qf2 Kb8 38. Qe3 Rd7 39. g4 f6 40.
exf6 e5 41. Qc5 Rc7 42. Ra8+ Kxa8 43. Qxc7 1-0

[Event "BPB Limburg open"]
[Site "Maastricht"]
[Date "2015.05.22"]
[Round "1"]
[White "Meijer, Dolf"]
[Black "Goudriaan, Etienne"]
[Result "0-1"]
[WhiteElo "2223"]
[BlackElo "2372"]
[PlyCount "122"]
[EventDate "2015.05.22"]
[EventType "swiss"]
[EventRounds "7"]
[EventCountry "NED"]
[Source "P.Boonen"]
[SourceDate "2015.10.01"]

1. e4 e5 2. Nf3 Nc6 3. Bb5 a6 4. Ba4 Nf6 5. O-O Be7 6. Re1 b5 7. Bb3 d6 8. c3
O-O 9. h3 Nb8 10. d3 Nbd7 11. Nbd2 Bb7 12. Nf1 Re8 13. Ng3 g6 14. Bh6 c6 15.
Qd2 Nc5 16. Bc2 Ne6 17. Rad1 Qc7 18. Nf1 Bf8 19. N1h2 Qe7 20. d4 Rad8 21. Qe3
Nd7 22. Ng4 f6 23. Bb3 Kh8 24. dxe5 dxe5 25. Bxe6 Qxe6 26. Bxf8 Rxf8 27. Qa7
Rb8 28. Rd2 c5 29. Red1 Qb6 30. Qxb6 Nxb6 31. Rd6 Bxe4 32. Nxf6 Bxf3 33. gxf3
Kg7 34. Nd7 Nxd7 35. Rxd7+ Kh6 36. Kg2 Rf5 37. Re7 Rbf8 38. Rd3 c4 39. Re3 Rg5+
40. Kh2 Rd8 41. R7xe5 Rd2 42. Rxg5 Kxg5 43. Re6 Rxf2+ 44. Kg3 Rxb2 45. Rxa6 Kf5
46. Rb6 Ke5 47. a4 Rb3 48. axb5 Rxc3 49. Rb8 Kd4 50. b6 Rb3 51. b7 Kc3 52. Kf4
Rb5 53. Ke3 Re5+ 54. Kf4 Re7 55. Kg5 Rf7 56. h4 Kb3 57. h5 gxh5 58. f4 c3 59.
f5 c2 60. Rc8 Rxb7 61. f6 Kb2 0-1

[Event "BPB Limburg open"]
[Site "Maastricht"]
[Date "2015.05.22"]
[Round "1"]
[White "Mengerink, Ynze"]
[Black "Vanhuyse, Nele"]
[Result "1/2-1/2"]
[WhiteElo "2146"]
[BlackElo "2035"]
[PlyCount "70"]
[EventDate "2015.05.22"]
[EventType "swiss"]
[EventRounds "7"]
[EventCountry "NED"]
[Source "P.Boonen"]
[SourceDate "2015.10.01"]

1. e4 c5 2. Nf3 e6 3. d3 Nc6 4. g3 Nge7 5. Bg2 g6 6. O-O Bg7 7. c3 d5 8. Qe2
O-O 9. Nbd2 d4 10. cxd4 cxd4 11. b3 e5 12. Ba3 a5 13. Nc4 b5 14. Bxe7 Qxe7 15.
Nb6 Rb8 16. Nd5 Qd6 17. Nd2 Be6 18. f4 f5 19. fxe5 Nxe5 20. Nf4 Bd7 21. exf5
Bxf5 22. Ne4 Qa6 23. Rac1 Rbc8 24. Nd5 Kh8 25. Qd2 b4 26. Rxc8 Bxc8 27. Rxf8+
Bxf8 28. Qf4 Bg7 29. Nef6 Qd6 30. Ne8 Qf8 31. Nxg7 Qxg7 32. Nf6 Qe7 33. Nd5 Qg7
34. Nf6 Qe7 35. Nd5 Qg7 1/2-1/2

[Event "BPB Limburg open"]
[Site "Maastricht"]
[Date "2015.05.22"]
[Round "1"]
[White "Miedema, David"]
[Black "Henrich, Thomas"]
[Result "1-0"]
[WhiteElo "2348"]
[BlackElo "2208"]
[PlyCount "75"]
[EventDate "2015.05.22"]
[EventType "swiss"]
[EventRounds "7"]
[EventCountry "NED"]
[Source "P.Boonen"]
[SourceDate "2015.10.01"]

1. d4 Nf6 2. c4 e6 3. Nc3 c5 4. d5 exd5 5. cxd5 d6 6. e4 g6 7. Nf3 Bg7 8. h3
O-O 9. Bd3 a6 10. a4 Qe7 11. O-O Nbd7 12. Re1 Ne8 13. Bf1 h6 14. Rb1 g5 15. Bd2
Ne5 16. b4 b6 17. bxc5 bxc5 18. a5 f5 19. Nxe5 Bxe5 20. Na4 fxe4 21. Nb6 Qf6
22. Be3 Rb8 23. Nd7 Bxd7 24. Rxb8 Bc3 25. Bxa6 Bxa5 26. Rf1 Qe5 27. Qh5 Kg7 28.
Qe2 Rf7 29. Bb5 Bc7 30. Bc1 Nf6 31. Rb7 Bxb5 32. Qxb5 Qxd5 33. Bb2 Kg6 34. f4
Bd8 35. Rb8 Be7 36. f5+ Kh7 37. Bxf6 Bxf6 38. Qe8 1-0

[Event "BPB Limburg open"]
[Site "Maastricht"]
[Date "2015.05.22"]
[Round "1"]
[White "Mueller, Martin2"]
[Black "Gerlagh, Joris"]
[Result "0-1"]
[WhiteElo "2079"]
[BlackElo "2163"]
[PlyCount "90"]
[EventDate "2015.05.22"]
[EventType "swiss"]
[EventRounds "7"]
[EventCountry "NED"]
[Source "P.Boonen"]
[SourceDate "2015.10.01"]

1. d4 Nf6 2. e3 d5 3. Bd3 g6 4. f4 Bg7 5. Nf3 c5 6. c3 Nc6 7. Qe2 Qb6 8. a4 c4
9. Bc2 Bf5 10. Bxf5 gxf5 11. Nbd2 e6 12. O-O h5 13. Ng5 Na5 14. Ndf3 Ne4 15.
Nxe4 fxe4 16. Ng5 Nb3 17. Ra3 f6 18. Nh3 f5 19. Ng5 Bf6 20. h4 Ke7 21. Qd1 Rac8
22. Bd2 Rc6 23. Qe2 Qc7 24. Rb1 Ra6 25. Rxb3 cxb3 26. Ra1 Qc4 27. Kf2 Ra5 28.
Qf1 Kd7 29. Qd1 Rxa4 30. Nf7 Rh7 31. Ng5 Bxg5 32. fxg5 Ra2 33. Rb1 b5 34. Kg3
a5 35. g6 Rh6 36. Kh3 Ke7 37. Be1 a4 38. Bg3 Qd3 39. g7 Qxd1 40. Rxd1 Rg6 41.
Rb1 Rxg7 42. Bf4 Kd7 43. Be5 Rg8 44. Bf6 Rc8 45. Bg7 a3 0-1

[Event "BPB Limburg open"]
[Site "Maastricht"]
[Date "2015.05.22"]
[Round "1"]
[White "Muhren, Bianca"]
[Black "Balje, Jan"]
[Result "1/2-1/2"]
[WhiteElo "2345"]
[BlackElo "2203"]
[PlyCount "51"]
[EventDate "2015.05.22"]
[EventType "swiss"]
[EventRounds "7"]
[EventCountry "NED"]
[Source "P.Boonen"]
[SourceDate "2015.10.01"]

1. e4 c6 2. d4 d5 3. exd5 cxd5 4. c4 Nf6 5. Nc3 Nc6 6. Nf3 Bg4 7. cxd5 Nxd5 8.
Qb3 Bxf3 9. gxf3 e6 10. Qxb7 Nxd4 11. Bb5+ Nxb5 12. Qc6+ Ke7 13. Qxb5 Nxc3 14.
Qb7+ Kf6 15. bxc3 Qd3 16. Rg1 Qxc3+ 17. Kf1 Qxa1 18. Kg2 Qxa2 19. Bb2+ e5 20.
Bxe5+ Kxe5 21. Qe4+ Kf6 22. Qf4+ Ke7 23. Qc7+ Kf6 24. Qf4+ Ke7 25. Qc7+ Kf6 26.
Qf4+ 1/2-1/2

[Event "BPB Limburg open"]
[Site "Maastricht"]
[Date "2015.05.22"]
[Round "1"]
[White "Nauts, Patrick"]
[Black "Volkov, Mykyta"]
[Result "1-0"]
[WhiteElo "2022"]
[BlackElo "2126"]
[PlyCount "91"]
[EventDate "2015.05.22"]
[EventType "swiss"]
[EventRounds "7"]
[EventCountry "NED"]
[Source "P.Boonen"]
[SourceDate "2015.10.01"]

1. e4 e6 2. d4 d5 3. Nc3 Nf6 4. Bg5 Be7 5. e5 Nfd7 6. Bxe7 Qxe7 7. Nb5 Nb6 8.
c3 a6 9. Na3 c5 10. f4 cxd4 11. cxd4 Nc4 12. Bxc4 dxc4 13. Nxc4 O-O 14. Qd2 Nc6
15. Nf3 Nb4 16. O-O Bd7 17. Nd6 Nd5 18. Rf2 Bc6 19. Ne1 Rad8 20. Nd3 f5 21. b4
Nc7 22. Nb2 Bd5 23. a4 Ne8 24. Nbc4 Bxc4 25. Nxc4 Qd7 26. a5 Qxd4 27. Rd1 Qxd2
28. Rfxd2 Rc8 29. Nb6 Rc3 30. Rd7 Rc7 31. Rd8 g5 32. Nd7 gxf4 33. Nxf8 Kxf8 34.
R1d7 Rc1+ 35. Kf2 Rc2+ 36. Kf3 Rc3+ 37. Kxf4 Rc4+ 38. Rd4 Rc2 39. Rb8 Rc7 40.
Rdd8 Re7 41. Kg5 Kf7 42. Rxe8 Rxe8 43. Rxe8 Kxe8 44. Kf6 Kd7 45. g3 h5 46. h4
1-0

[Event "BPB Limburg open"]
[Site "Maastricht"]
[Date "2015.05.22"]
[Round "1"]
[White "Overeem, Marc"]
[Black "Merx, Bob"]
[Result "1-0"]
[WhiteElo "2194"]
[BlackElo "2099"]
[PlyCount "77"]
[EventDate "2015.05.22"]
[EventType "swiss"]
[EventRounds "7"]
[EventCountry "NED"]
[Source "P.Boonen"]
[SourceDate "2015.10.01"]

1. c4 Nf6 2. Nc3 c5 3. Nf3 e6 4. g3 b6 5. e4 d6 6. d4 cxd4 7. Nxd4 Bb7 8. Bg2
a6 9. O-O Nbd7 10. Qe2 Qc7 11. g4 h6 12. f4 Rc8 13. b3 e5 14. Nf5 g6 15. Ne3
Bg7 16. f5 b5 17. Ned5 Bxd5 18. Nxd5 Nxd5 19. cxd5 O-O 20. Be3 Qb7 21. Qd2 Nf6
22. h3 Kh7 23. Rac1 Rxc1 24. Rxc1 Rc8 25. Rc2 Ng8 26. Qc1 Rxc2 27. Qxc2 Ne7 28.
Bf1 Bf6 29. Qc1 Bg7 30. Qc3 Bf6 31. a4 bxa4 32. bxa4 Qb1 33. Qd3 Qb4 34. Qc4
Qb1 35. a5 Bg5 36. Bxg5 hxg5 37. Qc7 Qxe4 38. Qxe7 Qe3+ 39. Kh1 1-0

[Event "BPB Limburg open"]
[Site "Maastricht"]
[Date "2015.05.22"]
[Round "1"]
[White "Ratsma, Midas"]
[Black "Hoynck van Papendrecht, Frans"]
[Result "0-1"]
[WhiteElo "2182"]
[BlackElo "2091"]
[PlyCount "48"]
[EventDate "2015.05.22"]
[EventType "swiss"]
[EventRounds "7"]
[EventCountry "NED"]
[Source "P.Boonen"]
[SourceDate "2015.10.01"]

1. d4 e6 2. c4 f5 3. Nf3 Nf6 4. g3 Be7 5. d5 O-O 6. Bg2 a5 7. O-O Qe8 8. Nc3
Na6 9. b3 Bb4 10. Bb2 e5 11. a3 Bc5 12. Na4 d6 13. Nxc5 Nxc5 14. b4 Na4 15. Qb3
Nxb2 16. Qxb2 Qh5 17. Rac1 f4 18. e4 axb4 19. axb4 Bg4 20. Nd2 Be2 21. Rfe1 f3
22. Nb3 Ng4 23. h4 Nxf2 24. Bf1 Nd3 0-1

[Event "BPB Limburg open"]
[Site "Maastricht"]
[Date "2015.05.22"]
[Round "1"]
[White "Ritsema, Ronald"]
[Black "Weiler, Wolfgang"]
[Result "1/2-1/2"]
[WhiteElo "2012"]
[BlackElo "2121"]
[PlyCount "81"]
[EventDate "2015.05.22"]
[EventType "swiss"]
[EventRounds "7"]
[EventCountry "NED"]
[Source "P.Boonen"]
[SourceDate "2015.10.01"]

1. d4 Nf6 2. c4 c5 3. d5 b5 4. cxb5 a6 5. Nc3 axb5 6. Nxb5 Qa5+ 7. Nc3 Bb7 8.
Bd2 Qb6 9. e4 d6 10. Bb5+ Nbd7 11. Nf3 Ba6 12. a4 Bxb5 13. axb5 Qb7 14. O-O g6
15. Qe2 Bg7 16. Ra3 O-O 17. h3 Ne8 18. Rfa1 Nc7 19. Rxa8 Rxa8 20. Rxa8+ Qxa8
21. Kh2 Qa1 22. Be1 Qa5 23. Bd2 Qb4 24. Be1 c4 25. Nd2 Ne5 26. b6 Qxb6 27. Nxc4
Qa6 28. Nxe5 Bxe5+ 29. g3 Qxe2 30. Nxe2 Bxb2 31. Bc3 Bxc3 32. Nxc3 f5 33. f3
Kf7 34. Kg2 fxe4 35. fxe4 Kf6 36. Kf3 Ke5 37. Ke3 e6 38. dxe6 Nxe6 39. Nd1 Nc5
40. Nf2 h5 41. h4 1/2-1/2

[Event "BPB Limburg open"]
[Site "Maastricht"]
[Date "2015.05.22"]
[Round "1"]
[White "Roos, Adrian"]
[Black "Broekmeulen, Jasper"]
[Result "1/2-1/2"]
[WhiteElo "2229"]
[BlackElo "2394"]
[PlyCount "47"]
[EventDate "2015.05.22"]
[EventType "swiss"]
[EventRounds "7"]
[EventCountry "NED"]
[Source "P.Boonen"]
[SourceDate "2015.10.01"]

1. d4 d6 2. e4 Nf6 3. Nc3 Nbd7 4. g4 h6 5. Be3 e5 6. h3 g6 7. Nge2 Bg7 8. Bg2
O-O 9. O-O Re8 10. Ng3 Nb6 11. Qd3 c6 12. Rad1 Be6 13. d5 cxd5 14. exd5 Bd7 15.
Nb5 Bxb5 16. Qxb5 Qc7 17. b3 Qxc2 18. Rc1 Qxa2 19. Ra1 Qb2 20. Rfb1 Qc2 21. Rc1
Qb2 22. Rcb1 Qc2 23. Rc1 Qb2 24. Rcb1 1/2-1/2

[Event "BPB Limburg open"]
[Site "Maastricht"]
[Date "2015.05.22"]
[Round "1"]
[White "Schleipfenbauer, Frank"]
[Black "Vrolijk, Liam"]
[Result "0-1"]
[WhiteElo "2153"]
[BlackElo "2045"]
[PlyCount "86"]
[EventDate "2015.05.22"]
[EventType "swiss"]
[EventRounds "7"]
[EventCountry "NED"]
[Source "P.Boonen"]
[SourceDate "2015.10.01"]

1. e4 e6 2. d4 d5 3. Nc3 Bb4 4. e5 c5 5. Bd2 Nh6 6. a3 Bxc3 7. bxc3 Nf5 8. Nf3
Nc6 9. dxc5 Nh4 10. Nd4 Nxe5 11. Qh5 Nhg6 12. f4 Nc6 13. Bd3 Qe7 14. Nb3 O-O
15. O-O Na5 16. Nxa5 Qxc5+ 17. Rf2 Qxa5 18. c4 Qd8 19. cxd5 Qxd5 20. Qxd5 exd5
21. Rb1 b6 22. a4 Bd7 23. a5 bxa5 24. Bxa5 Rab8 25. Ra1 Bb5 26. Bxg6 hxg6 27.
Bb4 Rfe8 28. g3 a6 29. c3 Bc4 30. Rd2 Re4 31. Ba5 Rbe8 32. Rb2 Re2 33. Rxe2
Rxe2 34. Bb6 f6 35. Bd4 Kf7 36. Bf2 Rc2 37. Ra3 Ke6 38. Kg2 Kd6 39. Kf3 Kc6 40.
h4 Kb5 41. Ba7 a5 42. Bb8 a4 43. Bd6 Bb3 0-1

[Event "BPB Limburg open"]
[Site "Maastricht"]
[Date "2015.05.22"]
[Round "1"]
[White "Schoorl, Rob"]
[Black "Offringa, Joost"]
[Result "1/2-1/2"]
[WhiteElo "2334"]
[BlackElo "2202"]
[PlyCount "69"]
[EventDate "2015.05.22"]
[EventType "swiss"]
[EventRounds "7"]
[EventCountry "NED"]
[Source "P.Boonen"]
[SourceDate "2015.10.01"]

1. e4 e6 2. d4 d5 3. e5 c5 4. c3 Nc6 5. Nf3 Bd7 6. Be2 Nge7 7. O-O cxd4 8. cxd4
Nf5 9. Nc3 Be7 10. g4 Nh4 11. Nxh4 Bxh4 12. f4 f6 13. Be3 O-O 14. Qd2 g5 15. f5
fxe5 16. dxe5 Nxe5 17. fxe6 Rxf1+ 18. Rxf1 Bxe6 19. Bd4 Ng6 20. Rf6 Bf7 21. Bf3
Nf4 22. Ne2 Nxe2+ 23. Qxe2 Qe8 24. Rxf7 Kxf7 25. Qd3 Qe6 26. Qxh7+ Ke8 27. Qh8+
Kd7 28. Qxa8 Qe1+ 29. Kg2 Qd2+ 30. Kh3 Qxd4 31. Qxb7+ Kd6 32. Qb8+ Kd7 33. Qb5+
Kd6 34. Qe2 Qc4 35. b3 1/2-1/2

[Event "BPB Limburg open"]
[Site "Maastricht"]
[Date "2015.05.22"]
[Round "1"]
[White "Schoppen, Casper"]
[Black "Martinez Reyes, Pedro Ramon"]
[Result "1-0"]
[WhiteElo "2202"]
[BlackElo "2322"]
[PlyCount "55"]
[EventDate "2015.05.22"]
[EventType "swiss"]
[EventRounds "7"]
[EventCountry "NED"]
[Source "P.Boonen"]
[SourceDate "2015.10.01"]

1. d4 d5 2. c4 dxc4 3. Nf3 Nf6 4. e3 e6 5. Bxc4 c5 6. O-O Nc6 7. Qe2 cxd4 8.
Rd1 Be7 9. exd4 O-O 10. Nc3 Na5 11. Bd3 b6 12. Ne5 Bb7 13. Bg5 Nd5 14. Qh5 f5
15. Bxe7 Qxe7 16. Nxd5 Bxd5 17. Ba6 Rad8 18. Rac1 Bxa2 19. b4 Qxb4 20. Rc7 Rxd4
21. Rdc1 Qd2 22. Nf3 Qf4 23. Nxd4 Qxd4 24. Rc8 h6 25. Rxf8+ Kxf8 26. Rc8+ Ke7
27. Rc7+ Kf6 28. Rf7+ 1-0

[Event "BPB Limburg open"]
[Site "Maastricht"]
[Date "2015.05.22"]
[Round "1"]
[White "Shkapenko, Pavel"]
[Black "Blom, Vincent"]
[Result "1-0"]
[WhiteElo "2422"]
[BlackElo "2243"]
[PlyCount "91"]
[EventDate "2015.05.22"]
[EventType "swiss"]
[EventRounds "7"]
[EventCountry "NED"]
[Source "P.Boonen"]
[SourceDate "2015.10.01"]

1. e4 c6 2. d4 d5 3. e5 Bf5 4. h4 h5 5. Bd3 Qd7 6. Bg5 Nh6 7. Nf3 Bxd3 8. Qxd3
Nf5 9. O-O Na6 10. c4 dxc4 11. Qxc4 e6 12. Nc3 Be7 13. Ne4 Qd5 14. Qe2 Nc7 15.
Bxe7 Kxe7 16. Nc3 Qd7 17. Qd2 Rad8 18. Rad1 Ke8 19. Ne4 Qe7 20. Qa5 Nb5 21. g3
Qc7 22. Qb4 Qe7 23. Qc4 Nc7 24. Rd3 Qd7 25. Nc5 Qd5 26. Qxd5 Rxd5 27. Nxb7 Ke7
28. b4 Nb5 29. Rfd1 Rc8 30. Na5 a6 31. Kg2 Na7 32. Nb3 Rb8 33. a3 Nb5 34. Na5
Na7 35. Rc1 Rc8 36. Rc4 Ke8 37. a4 Rb8 38. Nb3 Ne7 39. Nc5 a5 40. bxa5 Nac8 41.
a6 Na7 42. Rb3 Rxb3 43. Nxb3 f6 44. Rb4 fxe5 45. Nxe5 c5 46. Nxc5 1-0

[Event "BPB Limburg open"]
[Site "Maastricht"]
[Date "2015.05.22"]
[Round "1"]
[White "Socko, Bartosz"]
[Black "Van Dooren, Dirk"]
[Result "1/2-1/2"]
[WhiteElo "2613"]
[BlackElo "2284"]
[PlyCount "82"]
[EventDate "2015.05.22"]
[EventType "swiss"]
[EventRounds "7"]
[EventCountry "NED"]
[Source "P.Boonen"]
[SourceDate "2015.10.01"]

1. d4 f5 2. g3 Nf6 3. Bg2 e6 4. Nh3 d6 5. c4 Be7 6. Nc3 O-O 7. O-O e5 8. dxe5
dxe5 9. e4 Nc6 10. Be3 Qxd1 11. Raxd1 Nxe4 12. Nxe4 fxe4 13. Ng5 Bg4 14. Rd5
Bxg5 15. Bxg5 Nd4 16. Rxe5 Nf3+ 17. Bxf3 Bxf3 18. h3 Rae8 19. Rxe8 Rxe8 20. g4
Re6 21. Kh2 Rg6 22. Be3 h5 23. Bxa7 hxg4 24. hxg4 Bxg4 25. Rg1 Kf7 26. Bd4 Ke6
27. Be3 Kf5 28. c5 Ra6 29. Kg3 Rxa2 30. Kh4 g5+ 31. Bxg5 Bf3 32. Be3 Rxb2 33.
Rg7 c6 34. Rg5+ Ke6 35. Kg3 Rb1 36. Kf4 Rd1 37. Rg6+ Kf7 38. Rh6 Kg7 39. Re6
Kf7 40. Rh6 Kg7 41. Re6 Kf7 1/2-1/2

[Event "BPB Limburg open"]
[Site "Maastricht"]
[Date "2015.05.22"]
[Round "1"]
[White "Tate, Emory"]
[Black "Dambacher, Martijn"]
[Result "0-1"]
[WhiteElo "2256"]
[BlackElo "2483"]
[PlyCount "56"]
[EventDate "2015.05.22"]
[EventType "swiss"]
[EventRounds "7"]
[EventCountry "NED"]
[Source "P.Boonen"]
[SourceDate "2015.10.01"]

1. Nf3 d5 2. e3 e6 3. b3 f5 4. c4 Nf6 5. Be2 Bd6 6. O-O Qe7 7. Qc2 O-O 8. Nc3
c6 9. d3 Nbd7 10. e4 dxe4 11. dxe4 f4 12. a3 Ne5 13. b4 Nxf3+ 14. Bxf3 e5 15.
c5 Bc7 16. Bb2 Be6 17. Rad1 Qf7 18. Qb1 g5 19. Be2 g4 20. Bd3 f3 21. g3 Rad8
22. Rd2 Rxd3 23. Rxd3 Qh5 24. Nd1 Qh3 25. Ne3 Nd5 26. Rxd5 cxd5 27. Qd3 d4 28.
Bxd4 exd4 0-1

[Event "BPB Limburg open"]
[Site "Maastricht"]
[Date "2015.05.22"]
[Round "1"]
[White "Thompson, Ian D"]
[Black "Dardha, Arben"]
[Result "0-1"]
[WhiteElo "2202"]
[BlackElo "2343"]
[PlyCount "80"]
[EventDate "2015.05.22"]
[EventType "swiss"]
[EventRounds "7"]
[EventCountry "NED"]
[Source "P.Boonen"]
[SourceDate "2015.10.01"]

1. c4 e6 2. Nc3 d5 3. d4 Be7 4. Bf4 c6 5. e3 Nf6 6. Bd3 O-O 7. Nge2 Nbd7 8. h3
dxc4 9. Bxc4 b5 10. Bd3 b4 11. Ne4 c5 12. dxc5 Nxc5 13. Nxc5 Bxc5 14. Rc1 Bb6
15. Bb5 Nd5 16. Bg3 Bb7 17. O-O Qg5 18. h4 Qh6 19. Nd4 Rfd8 20. Qe2 Bxd4 21.
exd4 Rac8 22. Rc5 Nf6 23. Ba6 Rxc5 24. dxc5 Bc6 25. Rd1 Rxd1+ 26. Qxd1 Nd5 27.
a3 bxa3 28. bxa3 f5 29. Bc8 Qf6 30. Bd6 Qg6 31. h5 Qe8 32. Ba6 h6 33. Qb3 Qxh5
34. Qb8+ Kh7 35. Qxa7 Qd1+ 36. Kh2 Qh5+ 37. Kg1 Qg5 38. Bg3 h5 39. Qf7 h4 40.
Qxe6 Ne7 0-1